000 01200nam a22003857a 4500
001 0039388
003 KOHA_MİRAKIL
005 20260207003129.0
007 ta
008 130118b1991 tu a|||gr||||#||||0|eng |
020 _a9754922756
040 _aTR-BiSEU
_btur
_cTR-BiSEU
_erda
041 0 _aeng
044 _ctu
050 _aTH1000
_b.K67 1991
100 1 _aKoşaner, Yavuz.
245 1 _aIntroduction to intdustrised housing systems Yavuz Koşaner./
_cYavuz Koşaner ; Yavuz Koşaner.
264 1 _aEskişehir :
_bAnadolu Üniversitesi
_c1991
300 _aiii, 137 sayfa :
_bşkl. ;
_c24 cm.
336 _ametin
_btxt
_2rdacontent
337 _aaracısız
_bn
_2rdamedia
338 _acilt
_bnc
_2rdacarrier
490 0 _aAnadolu Üniversitesi Yayın No.
490 0 _a542.
490 0 _aMimarlık-Mühendislik Fakültesi Yayın No.
490 0 _a58
500 _aKaynakça var.
650 0 _aIndustrialized building.
_973285
650 0 _aEndüstrileşmiş yapı.
_973286
830 0 _aAnadolu Üniversitesi Yayın No.
_949269
830 0 _a542.
_919423
830 0 _aMimarlık-Mühendislik Fakültesi Yayın No.
_973287
830 0 _a58
_97783
942 _2lcc
_cBK
999 _c39266
_d39266